Sustainability science for social, economic, and environmental development / (Record no. 23583)
[ view plain ]
| 000 -LEADER | |
|---|---|
| fixed length control field | 01152cam a22002655a 4500 |
| 001 - CONTROL NUMBER | |
| control field | 17911765 |
| 005 - DATE AND TIME OF LATEST TRANSACTION | |
| control field | 20161215123613.0 |
| 008 - FIXED-LENGTH DATA ELEMENTS--GENERAL INFORMATION | |
| fixed length control field | 131021t2014 paua frb 001 0 eng d |
| 020 ## - INTERNATIONAL STANDARD BOOK NUMBER | |
| International Standard Book Number | 9781466649958 |
| 040 ## - CATALOGING SOURCE | |
| Original cataloging agency | DLC |
| Language of cataloging | eng |
| Transcribing agency | DLC |
| Modifying agency | DLC |
| -- | EG-ScBUE |
| 082 04 - DEWEY DECIMAL CLASSIFICATION NUMBER | |
| Edition number | 22 |
| Classification number | 338.927 |
| Item number | GHO |
| 100 1# - MAIN ENTRY--PERSONAL NAME | |
| Personal name | Ghosh, Nilanjan. |
| 245 10 - TITLE STATEMENT | |
| Title | Sustainability science for social, economic, and environmental development / |
| Statement of responsibility, etc | Nilanjan Ghosh, Anandajit Goswami,. |
| 260 ## - PUBLICATION, DISTRIBUTION, ETC. (IMPRINT) | |
| Place of publication, distribution, etc | Hershey : |
| Name of publisher, distributor, etc | Information Science Reference, |
| Date of publication, distribution, etc | c.2014. |
| 300 ## - PHYSICAL DESCRIPTION | |
| Extent | xix, 324 p. : |
| Other physical details | ill. ; |
| Dimensions | 29 cm. |
| 490 0# - Series Statement | |
| Series statement | Practice, progress, and proficiency in sustainability (PPPS) book series |
| 504 ## - BIBLIOGRAPHY, ETC. NOTE | |
| Bibliography, etc | Includes bibliographical references and index. |
| 520 ## - SUMMARY, ETC. | |
| Summary, etc | "This book investigates the role of sustainability in the everyday lives of ordinary citizens, including issues of economy, social interaction, exploitation of natural resources, and sources of renewable energy"-- |
| 650 #7 - SUBJECT ADDED ENTRY--TOPICAL TERM | |
| Topical term or geographic name as entry element | Sustainable development. |
| Source of heading or term | BUEsh |
| 9 (RLIN) | 3569 |
| 650 #7 - SUBJECT ADDED ENTRY--TOPICAL TERM | |
| Topical term or geographic name as entry element | Economic development. |
| Source of heading or term | BUEsh |
| 9 (RLIN) | 10495 |
| 651 ## - SUBJECT ADDED ENTRY--GEOGRAPHIC NAME | |
| Source of heading or term | BUEsh |
| 653 ## - INDEX TERM--UNCONTROLLED | |
| Resource For college | BAEPS, Economics |
| Arrived date list | December2016 |
| 700 1# - ADDED ENTRY--PERSONAL NAME | |
| Personal name | Goswami, Anandajit, |
| Dates associated with a name | 1980- |
| 942 ## - ADDED ENTRY ELEMENTS (KOHA) | |
| Source of classification or shelving scheme | Dewey Decimal Classification |
| Withdrawn status | Item status | Source of classification or shelving scheme | Damaged status | Not for loan | Vendor | Home library | Current library | Shelving location | Date acquired | Source of acquisition | Cost, normal purchase price | Total Checkouts | Full call number | Barcode | Date last seen | Koha item type |
|---|---|---|---|---|---|---|---|---|---|---|---|---|---|---|---|---|
| Dewey Decimal Classification | Baccah | Central Library | Central Library | First floor | 15/12/2016 | Purchase | 1090.00 | 338.927 GHO | 000040448 | 15/07/2025 | Book - Borrowing |